Property lending market recovering? (Record no. 118281)

MARC details
000 -LEADER
fixed length control field 01045cam a2200217 4500
001 - CONTROL NUMBER
control field WB@3612-145
008 - FIXED-LENGTH DATA ELEMENTS--GENERAL INFORMATION
fixed length control field 041109n2004 000 0 eng u
035 ## - SYSTEM CONTROL NUMBER
System control number (Sirsi) u127925
245 ## - TITLE STATEMENT
Title Property lending market recovering?
260 ## - PUBLICATION, DISTRIBUTION, ETC.
Date of publication, distribution, etc. 2004
490 ## - SERIES STATEMENT
Series statement Property Week
Volume/sequential designation 69(45) 5 November 2004, 20 (1)
520 ## - SUMMARY, ETC.
Summary, etc. The latest quarterly Kingfisher/Property Week index, which measures the amount that could be borrowed or lent in relation to investment yields and interest rates, has fallen for four successive quarters from a record high of 139% in June 2003. It fell to 111% at the end of 2003 and then to 95% in Summer 2004, but has begun to stabilise and came back up to 99% at the end of September 2004; this is partly due to the threat of higher interest rates receding. The index is predicted to remain steady.
590 ## - LOCAL NOTE (RLIN)
Local note WB
590 ## - LOCAL NOTE (RLIN)
Local note WB
650 ## - SUBJECT ADDED ENTRY--TOPICAL TERM
Topical term or geographic name entry element PROPERTY LENDING
650 ## - SUBJECT ADDED ENTRY--TOPICAL TERM
Topical term or geographic name entry element PROPERTY YIELDS
650 ## - SUBJECT ADDED ENTRY--TOPICAL TERM
Topical term or geographic name entry element PROPERTY MARKET
650 ## - SUBJECT ADDED ENTRY--TOPICAL TERM
Topical term or geographic name entry element INVESTMENT
690 ## - LOCAL SUBJECT ADDED ENTRY--TOPICAL TERM (OCLC, RLIN)
Topical term or geographic name as entry element COMMERCIAL PROPERTY-INVESTMENT
942 ## - ADDED ENTRY ELEMENTS (KOHA)
Suppress in OPAC 0
Holdings
Withdrawn status Lost status Source of classification or shelving scheme Damaged status Not for loan Home library Current library Shelving location Date acquired Total Checkouts Full call number Barcode Date last seen Copy number Price effective from Koha item type
    Dewey Decimal Classification     London London News article 09/11/2004   WB4043-03 127925-1001 06/08/2019 1 06/08/2019 News article